|
|
|
|
| LEADER |
00000nab a2200000 ar4500 |
| 001 |
vtls009157750 |
| 003 |
SK-MaSNL |
| 005 |
20260305002625.0 |
| 008 |
071109c2007 xo mr|p|||n |000 b|slo |
| 015 |
|
|
|a SNBRB2007/11
|
| 038 |
|
|
|a SPK
|
| 040 |
|
|
|a SPKCL
|b slo
|c AACR2
|e AACR2
|
| 041 |
0 |
|
|a slo
|
| 044 |
|
|
|a xo
|c SK
|
| 072 |
|
7 |
|a 81
|x Lingvistika. Jazyky
|2 konspekt
|
| 080 |
|
|
|a 81`373.7
|2 1997
|
| 100 |
1 |
|
|a Baraňayová, Silvia,
|4 aut
|9 738613
|
| 245 |
1 |
0 |
|a V núdzi poznáš priateľa
|b o pôvode frazeologizmov
|c Silvia Baraňayová
|
| 300 |
|
|
|b Obr.
|
| 504 |
|
|
|a Bibliogr. odkazy
|
| 650 |
0 |
7 |
|a lingvistika
|2 snkbucl
|9 860
|
| 650 |
0 |
7 |
|a frazémy
|2 snkbucl
|9 186856
|
| 650 |
0 |
7 |
|a pôvod
|2 snkbucl
|9 313455
|
| 650 |
0 |
7 |
|a význam
|2 snkbucl
|9 278320
|
| 773 |
0 |
|
|t Pán učiteľ
|g Roč. 2, č. 8 (2007), s. 22
|x 1336-7161
|
| 852 |
|
|
|a SPK
|b KIS3GCP
|
| 958 |
|
|
|a NB
|2 snkbucl
|
| 999 |
|
|
|c 3226325
|d 3228255
|